Quizzes
Events
Quiz Creation
Community
Videos
Private Events
Remove Ads
Sign In
Join for FREE
Feedback
Dark Mode
Quiz Categories
Sports
Geography
Music
Movies
Television
Just For Fun
Miscellaneous
History
Literature
Language
Science
Gaming
Entertainment
Religion
Holiday
For Kids
Quiz Lab
Recent
Popular Today
Quiz Kudos Today
Editor Picks
Curator Picks
Quizzes by...
Day
Popularity
Type
Ratings
Length
Year
Community
Subscriptions
Recent Discussions
Orange Saloon
Badges
Playlists
Quests
Create
Leaderboards
Showdown
Live 5
Trivia Bingo
Activity
Puzzle Library
Sporcle Events
Private Events
Virtual Trivia
Globe League
Become a Host
Pub Owners
SporcleCon
Opinionation
Our Games
Videos
Blog
Mobile Apps
Partnerships
Remove Ads and Go Orange
Feedback
Geography
Country
Landmarks
City
State
Population
World
Capital
Continent
Flags
Europe
Africa
Asia
South America
North America
Oceania
Border
Canada
United Kingdom
Topography
United States
Geography
Country
Landmarks
City
State
Population
World
Capital
Continent
Flags
Europe
Africa
Asia
South America
North America
Oceania
Border
Canada
United Kingdom
Topography
United States
Random Quiz
Search Sporcle
×
Quiz Lab
Quiz Lab
Geography
United States
Type in answers that appear in a list
Type in answers that appear in a list
Classic
Best Score? Go Orange.
Where's That U.S. Highway? (MINES) Stats
Can you name the state that each highway passes through WITHOUT naming any it doesn't?
By
metagloria
12m
88 Questions
51 Plays
51 Plays
51 Plays
Comments
Comments
Give Quiz Kudos
Give Quiz Kudos
-
- Ratings
hide this ad
More Info
Forced Order
Answers have to be entered in order
Answers have to be entered in order
Wrong Answers
Some wrong answers will appear in red
Some wrong answers will appear in red
Random Order
Randomize order of answers
Randomize order of answers
Replay
Link that replays current quiz
Next Quiz
Link to next quiz in quiz playlist
You Got
0%
They Got
Avg Score
47%
Avg Friend Score
Upgrade to see
Score Distribution
Jump to the score distribution portion of the page
Score
0/88
Timer
12:00
0
Plays Today
Highway
States (abbrev.)
% Correct
US-
1
???
76.5%
US-
101
???
72.5%
US-
50
???
70.6%
US-
2
???
66.7%
US-
6
???
66.7%
US-
40
???
66.7%
US-
11
???
64.7%
US-
30
???
64.7%
US-
95
???
64.7%
US-
19
???
62.7%
US-
41
???
62.7%
US-
60
???
62.7%
US-
62
???
62.7%
US-
90
???
62.7%
US-
12
???
60.8%
US-
9
???
58.8%
US-
15
???
58.8%
US-
20
???
58.8%
US-
23
???
58.8%
US-
31
???
58.8%
US-
33
???
58.8%
US-
70
???
58.8%
US-
17
???
54.9%
US-
45
???
54.9%
US-
98
???
54.9%
US-
13
???
52.9%
US-
25
???
52.9%
US-
27
???
52.9%
US-
29
???
52.9%
US-
51
???
52.9%
Highway
States (abbrev.)
% Correct
US-
78
???
52.9%
US-
80
???
52.9%
US-
82
???
52.9%
US-
97
???
52.9%
US-
36
???
51%
US-
52
???
51%
US-
67
???
51%
US-
69
???
51%
US-
54
???
49%
US-
75
???
49%
US-
24
???
47.1%
US-
64
???
47.1%
US-
74
???
47.1%
US-
77
???
47.1%
US-
83
???
47.1%
US-
84
???
47.1%
US-
85
???
47.1%
US-
7
???
45.1%
US-
10
???
45.1%
US-
14
???
45.1%
US-
59
???
45.1%
US-
61
???
45.1%
US-
63
???
45.1%
US-
71
???
45.1%
US-
3
???
43.1%
US-
4
???
43.1%
US-
34
???
43.1%
US-
81
???
43.1%
US-
87
???
43.1%
US-
92
???
43.1%
Highway
States (abbrev.)
% Correct
US-
5
???
41.2%
US-
21
???
41.2%
US-
22
???
41.2%
US-
42
???
41.2%
US-
58
???
41.2%
US-
18
???
39.2%
US-
49
???
39.2%
US-
56
???
39.2%
US-
65
???
39.2%
US-
76
???
39.2%
US-
93
???
39.2%
US-
35
???
37.3%
US-
79
???
37.3%
US-
72
???
35.3%
US-
89
???
35.3%
US-
68
???
33.3%
US-
8
???
31.4%
US-
43
???
31.4%
US-
53
???
31.4%
US-
91
???
31.4%
US-
16
???
29.4%
US-
96
???
29.4%
US-
44
???
27.5%
US-
26
???
23.5%
US-
73
???
21.6%
US-
48
???
19.6%
US-
46
???
15.7%
US-
57
???
13.7%
Quiz Playlist
Details
Report
Send in Message
Add To Playlist
More Info:
Name any state which contains a portion of the given highway; if you name a state which does not contain that highway, it counts as incorrect.
Classic:
Type in answers that appear in a list
Forced Order:
Answers have to be entered in order
Wrong Answers:
Some wrong answers will appear in red
Random Order:
Randomize order of answers
Quiz Source
Last Updated: Feb 16, 2017
Quiz Scoreboard
CHALLENGE
Sign Up to Join the Scoreboard
Show All
Scores
Hide
Comments
May contain spoilers
Recently Published
Billboard Blitz: Fleetwood Mac
by CooCooCachoo
Music
15s
Presidents Visiting Landmarks
by Hejman
History
7m
An Introduction to Baseball
by treessimontrees
Sports
5m
More to Explore
Quiz From the Vault
Featured Blog Post
Where Did the Easter Bunny Come From?
hide this ad
You Might Also Like...
Tags
Nintendo Quiz
United States Quiz
Highways 2-digit
Today's Top Quizzes in Geography
Browse Geography
hide this ad
Today's Top Quizzes in United States
Browse United States
Top Contributed Quizzes in Geography
1
Countries of the World - No Outlines Minefield
2
Top 25 Cities of France on a map
3
Any capital of a 'B' country per Continent
4
Any capital of a 'C' country per Continent
5
Closest Countries to UK A-Z
6
Any capital of a 'D' country per Continent
7
5-to-1: US Geography No Hints
8
One Thing in Common: United Kingdom
9
Any capital of an 'E' country per Continent
10
Any capital of an 'F' country per Continent
Explore More
Trending Topics
Kpop
NBA
Harry Potter
Disney
Anime
Crossword
Marvel
Pokémon
Song
Country
Puzzle
NFL
The Office
WWE
Soccer
hide this ad
More By:
metagloria
Quiz
Plays
Rating
Category
Featured
Created
Wild Word Spiral
169,758
4.38
Language
Apr 28, 2011
Wild Word Spiral II
109,852
3.66
Language
Apr 28, 2011
Wild Word Spiral III
90,329
4.20
Language
Apr 29, 2011
Driving to all 50 State Capitals by Shortest Distance
4,889
4.66
Geography
Jul 27, 2011
Final Fantasy Characters by Weapons
2,454
4.38
Gaming
Oct 15, 2010
Go to Creator's Profile
Score Distribution
Quiz Creator Spotlight
metagloria
Follow
Send a Message
Quizzes Created
-
Created Quiz Play Count
-
More By This Creator
Popular Quizzes Today
1
Find the US States - No Outlines Minefield
2
Find the Countries of Europe - No Outlines Minefield
3
The Countries of the World
4
Find the US States
5
US States
6
Risky Map Clicking: Biggest States A-Z
7
Popular People in 1961
8
Movies - When Are They Set?
More Geography Quizzes
'E'-Less African Countries
Published
Trending Quizzes
Risky Map Clicking: Least Populous States A-Z
1-10 Letter G Words
1-10 Letter F Words
Risky Map Clicking: Next State Alphabetically
Risky Map Clicking: Biggest States A-Z
Recently Updated
Leaping Animals
pecheneg
Reality TV Shows (A-Z)
bhenderson79
Rickey Henderson's Hall of Fame Teammates
pecheneg
Champions League XIs: Arsenal
pecheneg
Quick Pick: Celebrities in WWE's Hall of Fame
aduchscher
A-Z Keypad Blitz II
pecheneg
Multiple Oscar Actors
pecheneg
Mystery Phrase Blitz: Oscar 'Best Actors'
pecheneg
F. Scott Fitzgerald Novels
LTH
Pick 3 Villains
ddd62291
Trending Topics
Crossword
Harry Potter
Disney
Marvel
NBA
Anime
Kpop
Country
WWE
The Office
Song
Puzzle
Pokémon
Soccer
NFL
Your Account Isn't Verified!
In order to create a playlist on Sporcle, you need to verify the email address you used during registration. Go to your
Sporcle Settings
to finish the process.
Report this User
Report this user for behavior that violates our
Community Guidelines
.
Details:
Send Report
Go to the Sporcle.com Mobile Site →
Comments